000 00625nam a2200217 i 4500
001 42789
003 ES-MaACL
005 20250712062540.0
007 t|
008 030314s1955 sp ||||1| spa d
080 _a86-311.2"19"
100 1 _aCela, Camilo José,
_d1916-2002
_937336
245 1 0 _aHistorias de Venezuela ;
_bLa catira /
_cCamilo José Cela.
260 _aBarcelona :
_bNoguer,
_c[1955] (
_fClarasó)
300 _a405 p. :
_bil. ;
_c19 cm.
490 1 _aEl espejo y la pluma
740 3 2 _aLa catira.
830 1 _aEl espejo y la pluma
_9181958
852 4 _aES-MaACL
_jC-9287
999 _c42789
_d42789